000 01726cam a22004934i 4500
003 PE-LiUPU
005 20250731165454.0
008 150623s r 000 0 d
020 _a1565632982
035 _a(Sirsi) i9781565632981
040 _aPE-LiUPU
_bspa
_cPE-LiUPU
_erda
049 _aPRUA
082 0 4 _a226
_bE11
_221
100 1 _aEarle, Ralph,
_eautor.
245 1 0 _aWord meanings in the New Testament /
_cRalph Earle.
264 1 _aMassachusetts :
_bHendrickson Publishers,
_c1997.
300 _a487 páginas ;
_c24 centímetros
336 _atext
_2rdacontent
337 _aunmediated
_2rdamedia
338 _avolume
_2rdacarrier
505 0 _aAbreviations and sources. -Pronunciation guide for transliterated Greek words. -New Testament. -word meanings.
526 _aSEG44
526 _aSEG26
526 _aP151
526 _aP150
526 _aP149
526 _aP146
526 _aP145
526 _aP126
526 _aP125
526 _aP92
526 _aP75
526 _aP74
526 _aP27
526 _aP15
630 _aBiblia.
_pN.T.
_xLenguaje y estilo.
650 0 4 _aGriego bíblico
_xLenguaje y estilo.
942 _2ddc
_cBOOK
949 _aRC 226 E11
_wDEWEY
_c1
_i44795
_d2015-11-15
_lCCODEBUL1
_mBUL
_q6
_r0
_sY
_tBOOK
_u2015-6-24
_xTEOLOGIA
_PP35
_0COMPRA
_o.CIRCNOTE. No olvidar cambiar la fecha de devolución!!!!!!!
_o.STAFF. Colección General
994 _aC0
_bPEPRU
596 _a1
999 _aRC 226 E11
_wDEWEY
_c21664
_i44795
_d21664
_f2021-11-8
_g6
_lCCODEBUL1
_mBUL
_q7
_r1
_sY
_tBOOK
_u2015-6-24
_xTEOLOGIA
_PP35
_0COMPRA
_o.CIRCNOTE. No olvidar cambiar la fecha de devolución!!!!!!!
_o.STAFF. Colección General
980 _81
_gALBERTO SANCHEZ Responsable de Automatización